Stranger Things Episode Guess - Statistics

General Stats
  • This quiz has been taken 21 times
  • The average score is 10 of 14
Answer Stats
Picture Answer % Correct
'Holly Jolly'
83%
'MADMAX'
78%
'The Hellfire Club'
78%
'Shock Jock'
72%
'The Bite'
72%
'The Bridge'
72%
'The Sauna Test'
72%
'Dig Dug'
67%
'The Case Of The Missing Lifeguard'
67%
'The Massacre At Hawkins Lab'
67%
'The Mind Flayer'
67%
'The Upside Down'
67%
'The Monster'
61%
'The Vanishing Of Holly Wheeler'
56%
No matching quizzes found
Score Distribution
Percent of People with Each Score
Percentile by Number Answered
Your Score History
You have not taken this quiz